[Event "Enghien les Bains 3rd"]
[Site "Enghien les Bains"]
[Date "1999.03.11"]
[Round "8"]
[White "Ponomariov, Ruslan"]
[Black "Sadler, Matthew D"]
[Result "1/2-1/2"]
[WhiteElo "2609"]
[BlackElo "2667"]
[Annotator "Ribli,Z"]
[PlyCount "88"]
[EventDate "1999.03.03"]
[EventType "tourn"]
[EventRounds "9"]
[EventCountry "FRA"]
[EventCategory "15"]
[SourceTitle "CBM 070"]
[Source "ChessBase"]
[SourceDate "1999.06.08"]
[SourceVersion "1"]
[SourceVersionDate "1999.06.08"]
[SourceQuality "1"]

{[%mdl 48]} 1. e4 c5 2. Nf3 Nc6 3. d4 cxd4 4. Nxd4 Qc7 {Eine moderne Zugfolge.
Jetzt ist der Springerzug 5.Nb5 weniger gefährlich, als nach 4...e6. Ribli.} 5.
Nc3 e6 6. Be3 a6 7. Bd3 Nf6 8. O-O Ne5 9. Nf3 {In der Großmeisterpraxis spielt
nur Ponomariov diesen Zug.} Nfg4 {Die Eröffnungstheorie empfiehlt dem
Schwarzen diesen Zug. Es sei angemerkt, daß hier zwei Runden zuvor Salov 9...
d6 gegen Ponomariov spielte.} (9... Ng6 10. Na4 b5 11. Nb6 Rb8 12. Nxc8 Qxc8
13. Bd4 Bc5 14. c3 d6 15. b4 Bb6 16. Rc1 {1/2-1/2 Ponomariov,R-Fressinet,L/
Premier, Hastings ENG 1999 (71)}) (9... Bd6 10. Nxe5 Bxe5 11. f4 Bxc3 12. bxc3
Qxc3 13. e5 Nd5 14. Bd2 Qc5+ 15. Kh1 b5 16. f5 Bb7 17. fxe6 dxe6 18. Qg4 h5 19.
Qxg7 O-O-O $13 {0-1 Jansa,V-Kveinys,A/Prague 1993/CBM 37 (44)}) 10. Nxe5 $146 {
Natürlich war dieser Zug von Ponomariov vorher analysiert.} (10. Bf4 Bd6 (10...
Be7 11. Nxe5 Nxe5 12. Qh5 d6 13. Bg5 Bxg5 14. Qxg5 O-O 15. Qe3 b5 {1/2-1/2
Mohr,G-Gostisa,L/SLO-ch 1996/EXT 96ch2 (15)}) 11. Nd4 Nxd3 12. Bxd6 Qxd6 13.
Nf3 b5 14. cxd3 Bb7 15. h3 Ne5 16. Nxe5 Qxe5 17. d4 Qf4 18. a3 Rc8 19. Qd3 O-O
20. Rad1 f5 $1 21. e5 Rc7 22. Rfe1 Rfc8 23. Re3 Qh4 24. Rg3 h6 25. d5 Rxc3 $1
26. bxc3 Bxd5 $17 {1/2-1/2 Timman,J-Ribli,Z/Reykjavik WCup 1988/CBM 10 (51)})
10... Nxe3 (10... Nxe5 11. f4 Nxd3 (11... Bc5 12. Bxc5 (12. Qe2 $14) 12...
Qxc5+ 13. Kh1 $14) 12. cxd3 $14 {[%cal Ga1c1,Gc1c7] Weiß hat großen
Entwicklungsvorsprung.}) 11. Qh5 $8 {Weiß ist bereit, den Turm auf f1 zu
opfern. Er bekäme dafür starken Angriff.} (11. Qf3 Qxe5 12. fxe3 f6 $15 {
[%csl Ge5] Die schwarze Dame steht ausgezeichnet auf e5.}) 11... g6 (11... Nxf1
12. Qxf7+ (12. Nxf7 $2 g6 $19) 12... Kd8 13. Qh5 {[%cal Re5f7,Rf7d8,Rf7h8]} g6
14. Nxg6 Rg8 15. Nxf8 (15. Qh4+ Ke8) (15. Qxh7 $2 Qxh2+ 16. Qxh2 Nxh2 17. Nxf8
Nf3+ 18. Kf1 (18. Kh1 Rh8+ $19) 18... Ng5 $19 {[%csl Rf8]}) (15. Ne5 d6 16.
Nf7+ Kd7 17. Bxf1 $16) 15... Rxf8 16. Rxf1 $16 {[%csl Rd8]}) 12. Qf3 Qxe5 13.
fxe3 {[%csl Rf7][%cal Rf1f7]} Qg7 (13... f6 14. Qxf6 Qxf6 15. Rxf6 Bg7 16. Rf3
b5 17. Raf1 $16) (13... f5 14. exf5 Bd6 {[%cal Rd6h2]} 15. g3 exf5 16. e4 $16)
14. Qf4 {Die weiße Drohung ist klar. Er möchte e4-e5 nebst Ne4 ziehen.} d6 {
Für Schwarz scheint alles in Ordnung zu sein. Wenn er mit ...Be7 und ...0-0
die Entwicklung beenden kann, ist er zufrieden.} {[#]} 15. e5 $1 {Weiß öffnet
die Stellung und bekommt gute Angriffschancen.} dxe5 (15... Qxe5 $5 16. Qxf7+
Kd8 $13 {Der schwarze König steht scheinbar schlecht in der Mitte, aber mit
folgendem ...Bd7 / ...Kc7 kann Schwarz seine Entwicklung beenden.}) 16. Qa4+
Bd7 17. Bb5 O-O-O $8 (17... Bxb5 $2 18. Nxb5 {[%cal Ga4e8]} O-O-O 19. Qc4+ Kb8
20. Qc7+ $18) 18. Rad1 $40 f5 {[%cal Gg7d7]} (18... Bxb5 19. Rxd8+ $5 (19. Nxb5
Bc5 20. Qc4 b6 $13) 19... Kxd8 20. Nxb5 axb5 (20... Bc5 21. Qa5+ b6 22. Qxa6
$40) 21. Rd1+ Kc7 22. Qa5+ Kc6 23. a4 {[%csl Rc6,Rg7]} Bd6 24. axb5+ Kd7 25.
Qb6 $18) 19. Qa5 (19. Bxd7+ Rxd7 20. Qc4+ Kb8 21. Qxe6 Rxd1 22. Rxd1 Qe7 23.
Qb6 Bg7 $11) 19... Be7 (19... axb5 $2 20. Nxb5 $18 {[%csl Rc8][%cal Ra5c7]}
Bxb5 21. Rxd8#) 20. Bxa6 (20. Bxd7+ Rxd7 21. Rxd7 Kxd7 22. Qb6 Kc8 23. Qxe6+
Kb8 24. Nd5 $14) 20... Bg5 $5 {Schwarz beschäftigt sich nicht mit dem
a6-Läufer, sondern strebt nach Gegenspiel.} (20... bxa6 21. Qxa6+ Kb8 22. Qb6+
Kc8 (22... Ka8 23. Nd5 Rc8 24. Qa6+ Kb8 25. Nb6 $18) 23. Rd3 $18 {[%cal Gd3c3,
Gc3c8] Der schwarze König befindet sich im Mattnetz.}) 21. Qc5+ (21. Rd3 Bc6
$13) 21... Kb8 (21... Bc6 $4 22. Qxc6+ Kb8 23. Qb6 $18) 22. Bxb7 $5 (22. h4 $3
$16 {Nach diesem starken Zug muß Schwarz wählen. Er kann nicht gleichzeitig
den Bauern e3 angreifen und seinen Turm auf d8 verteidigen.} Bh6 23. Qb6) 22...
Kxb7 (22... Qh6 $2 {[%cal Rg5e3,Re3g1,Re3c5]} 23. Rfe1 Kxb7 24. Rd6 $18 {
[%csl Rb7]}) 23. Rd6 {Der schwarze König scheint in ein Mattnetz zu geraten.}
Bc8 $1 {[%cal Gg7c7] Auf diese Weise verteidigt schwarz das Feld a6 mit dem
Läufer und befreit seine Dame.} 24. Rb6+ (24. Nb5 Kb8) 24... Ka8 25. Nb5 {
[%cal Rb5c7,Rc7a8]} (25. Qa5+ $2 Qa7 $19) 25... Rd7 $8 (25... Bb7 26. Rxe6 $16
{[%csl Ra8][%cal Rc5a7]}) 26. Rc6 (26. Qa3+ Ra7 27. Nxa7 Qxa7 $17) 26... Kb8
27. Rb6+ Ka8 {Mit einzigen Zügen kann Schwarz die Stellung halten.} 28. h4 {
Weiß möchte den Läufer von der Diagonalen h6-c1 verjagen, damit der Bauer e3
nicht mehr hängt.} (28. Rc6 $11) 28... Bh6 (28... Bxh4 29. Qa3+ Ra7 30. Qd6 {
[%csl Ra8][%cal Rd6b8,Rb6b8]}) 29. Rxe6 $13 (29. Re1 $5 $16) 29... Rg8 (29...
e4 $13) 30. e4 Qf8 (30... fxe4 $6 31. Qa3+ Ra7 32. Nxa7 Qxa7+ 33. Qxa7+ Kxa7
34. Rf7+ Ka8 35. Rxe5 $16) 31. Qc6+ (31. Nd6 Qd8 $13 (31... Rxd6 32. Qa3+ (32.
Rxd6 Be3+ {[%cal Re3c5,Re3g1]} 33. Qxe3 Qxd6 $17) 32... Kb8 33. Rxd6 $14))
31... Kb8 32. Nd6 (32. Rxe5 Be3+ 33. Kh1 Qd8 {[%cal Rd8h4,Rh4h1]}) 32... Be3+
33. Kh2 Qd8 {[%cal Rd8h4,Rh4h2]} 34. g3 Qc7 (34... Bb7 35. Nxb7 Rxb7 36. Rxe5
$13) 35. Qb5+ {Natürlich muß Weiß, wenn möglich, die Damen auf dem Brett
behalten.} Bb7 36. Qxe5 (36. Nxb7 Qxb7 (36... Qxc2+ 37. Kh3 Rxb7 38. Qxe5+ Ka8
39. exf5 $14) 37. Qxe5+ Ka8 $13) 36... Bxe4 $2 (36... Qxc2+ 37. Kh3 Qc5 38.
Re8+ Rxe8 39. Qxe8+ Bc8 $13) 37. Qb5+ (37. Nxe4 Qxe5 38. Rxe5 fxe4 39. Rxe4 $11
{Später entsteht in der Partie ein ähnliches Endspiel.}) 37... Ka8 (37... Ka7
38. Nxe4 $18 {[%csl Ra7][%cal Re6a6]}) 38. Nxe4 $2 $138 {In Zeitnot findet
Weiß nicht die beste Fortsetzung.} (38. Rxe4 $1 fxe4 (38... Qxc2+ 39. Kh3 fxe4
40. Qxd7 $18) (38... Rxd6 39. Rxe3 $18) 39. Qd5+ {[%cal Rd5a8,Rd5g8]}) 38...
fxe4 39. Qa4+ Ba7 (39... Kb8 40. Qb3+ $18 {[%cal Rb3b8,Rb3e3]}) (39... Qa7 40.
Ra6 $18) 40. Qxe4+ Qb7 (40... Kb8 41. Rf3 $40 {[%cal Rf3b3,Rb3b8]}) 41. Kh3
Qxe4 42. Rxe4 {Nach großen Komplikationen hat Weiß drei Bauern für die Figur.}
Rgd8 43. Rfe1 Kb7 44. a4 Rc7 {Und hier wurde Remis vereinbart. Schwarz kann
die Bauernmasse am Damenflügel gut blockieren.} (44... Rc7 45. R1e2 (45. c4 $2
Rd3 $17 {[%cal Ga7f2,Gf2g3,Gf2e1,Gd3b3]})) 1/2-1/2

[Event "Lausanne YM qf"]
[Site "Lausanne"]
[Date "1999.05.14"]
[Round "1"]
[White "Leitao, Rafael Duailibe"]
[Black "Ponomariov, Ruslan"]
[Result "0-1"]
[WhiteElo "2559"]
[BlackElo "2609"]
[Annotator "Huzman,A"]
[PlyCount "98"]
[EventDate "1999.05.??"]
[EventType "match"]
[EventRounds "1"]
[EventCountry "SUI"]
[SourceTitle "CBM 071"]
[Source "ChessBase"]
[SourceDate "1999.08.01"]
[SourceVersion "1"]
[SourceVersionDate "1999.08.01"]
[SourceQuality "1"]

1. d4 d5 2. c4 dxc4 3. e3 Nf6 4. Bxc4 e6 5. Nf3 c5 6. O-O a6 7. Nc3 b5 8. Bb3
Bb7 9. Qe2 Nbd7 10. Rd1 Qb6 11. d5 Nxd5 12. Nxd5 Bxd5 13. Bxd5 exd5 14. Rxd5
Be7 15. e4 Qb7 16. Bg5 Nb6 17. Rad1 f6 18. Bf4 O-O 19. R5d2 Rfe8 20. e5 c4 (
20... fxe5 21. Qxe5 Bf8 22. Qg5 Re6 (22... Qe7 $6 23. Qxe7 Rxe7 24. b3 a5 25.
Rd8 Rxd8 26. Rxd8 Rd7 27. Rxd7 Nxd7 28. Bc7 $1 $16 {1-0 Ivanchuk,V-Seirawan,Y/
Tilburg 1990/CBM 20/ (61)}) 23. Rd8 Re8 24. Rxa8 Qxa8 25. h4 Qc6 26. h5 c4 27.
Be5 h6 28. Qg3 Nd7 29. Rd6 Qc7 30. Re6 Qd8 31. Bc7 Qc8 32. Rxh6 $16 {1-0
Kharitonov,A-Chekhov,V/Moscow 1989/CBM 14 (43)}) 21. e6 {A risky decision. As
in Byhovsky-Zifroni,Tel-Aviv,1999 game this pawn can be both value and
weakness.Ponomariov shows that here Black can  surround a pawn.} (21. Bg3 Bc5 (
21... Bb4 $5 22. Rd4 Bc5) 22. h3 Rac8 23. e6 Rc6 24. Qe4 Rexe6 $4 25. Rd8+ Bf8
26. Bd6 Rexd6 27. R1xd6 {1-0 Jackelen,T-Watson,W/BL2-W 1992/BL2 (27)}) 21...
Bb4 22. Rd4 Bc5 23. Re4 (23. R4d2 Qc8 24. Nd4 Bxd4 (24... Nd5 $5) 25. Rxd4 Qxe6
$17) 23... Nd5 (23... Rad8 24. Rxd8 Rxd8 25. h4 Nd5 $132) 24. Bd2 (24. Bg3 Rad8
25. Nd4 Nb4 $17 {[%cal Yb4d3]}) 24... Rad8 25. Rf1 (25. Nd4 Ne7 26. Bc3 (26.
Ba5 Rxd4 27. Rdxd4 Bxd4 28. Rxd4 Nc6 $19) 26... b4 27. Be1 f5 $19) 25... Rd6
26. a3 Nc7 27. e7 Rd7 $19 28. Ba5 Rdxe7 29. Rxe7 Rxe7 30. Qd2 Ne6 31. Rd1 Kf7 (
31... Nf8 $5 {[%cal Ye7d7]}) 32. Qc2 g6 33. Qd2 Qe4 34. Qh6 (34. Re1 Qd3 $19)
34... Nf8 {[%cal Ye4e2,Ye2b2,Ye2f2]} 35. Rf1 Qf5 $1 {[%cal Ye7e2]} 36. Bc3 Re2
37. Nd4 Bxd4 38. Bxd4 Kg8 {[%cal Yf8e6,Ye6f4]} 39. Qh4 g5 40. Qg3 Ne6 41. Qb8+
Kf7 42. Qa7+ Kg6 43. Bc3 Nf4 $1 {[%cal Yf5d5,Yd5g2]} 44. Qxa6 (44. Qb7 Qd5 45.
Qxd5 Nxd5 46. Bd4 Rd2 $19) 44... Qd5 $1 45. Qxf6+ Kh5 46. g4+ (46. f3 Rxg2+ 47.
Kh1 Rf2 $1 $19) 46... Kxg4 47. f3+ Kh5 48. Be1 Rg2+ 49. Kh1 Qd7 $1 {[%cal
Yd7h3]} (49... Qd7 50. Bg3 Rxg3 $19) 0-1

[Event "UKR ol"]
[Site "Alushta"]
[Date "1999.??.??"]
[Round "?"]
[White "Moskalenko, Viktor"]
[Black "Ponomariov, Ruslan"]
[Result "0-1"]
[WhiteElo "2469"]
[BlackElo "2609"]
[PlyCount "70"]
[EventDate "1999.05.12"]
[EventType "team"]
[EventRounds "11"]
[EventCountry "UKR"]
[SourceTitle "EXT 2001"]
[Source "ChessBase"]
[SourceDate "2000.11.22"]
[SourceVersion "1"]
[SourceVersionDate "2000.11.22"]
[SourceQuality "1"]

1. d4 Nf6 2. c4 c5 3. d5 b5 4. Nd2 bxc4 5. e4 c3 6. bxc3 g6 7. c4 d6 8. Bb2 Bg7
9. Ngf3 O-O 10. Bd3 e5 11. O-O Nh5 12. Bc2 Nd7 13. Rb1 Nb6 14. Bc3 Bd7 15. Re1
Bh6 16. Bd3 f5 17. exf5 Nf4 18. Bf1 gxf5 19. g3 Ng6 20. Nb3 Rf7 21. Nfd2 Qf8
22. Na5 Re8 23. Nc6 e4 24. a4 e3 25. Nf3 f4 26. g4 Bxg4 27. h3 Bh5 28. a5 Nd7
29. Be2 Bg7 30. Qc2 Bxc3 31. Qxc3 exf2+ 32. Kxf2 Re3 33. Qb2 Qh6 34. Ng1 f3 35.
Bf1 Qf4 0-1

[Event "UKR ol"]
[Site "Alushta"]
[Date "1999.??.??"]
[Round "?"]
[White "Nosenko, Alexander"]
[Black "Ponomariov, Ruslan"]
[Result "1/2-1/2"]
[WhiteElo "2433"]
[BlackElo "2609"]
[PlyCount "137"]
[EventDate "1999.05.12"]
[EventType "team"]
[EventRounds "11"]
[EventCountry "UKR"]
[SourceTitle "EXT 2001"]
[Source "ChessBase"]
[SourceDate "2000.11.22"]
[SourceVersion "1"]
[SourceVersionDate "2000.11.22"]
[SourceQuality "1"]

1. Nf3 d5 2. d4 Nf6 3. c4 dxc4 4. e3 e6 5. Bxc4 a6 6. O-O c5 7. dxc5 Bxc5 8.
Qxd8+ Kxd8 9. b3 Ke7 10. Bb2 Nbd7 11. Nbd2 b6 12. Be2 Bb7 13. Nc4 Rac8 14. Rac1
Rhd8 15. Rfd1 h6 16. h3 g5 17. Nfe5 Bd5 18. Nd3 Bxc4 19. Rxc4 Bd6 20. Rdc1 Rxc4
21. Rxc4 a5 22. Rc6 e5 23. Ne1 Nd5 24. Rc1 Nc5 25. Nd3 Nd7 26. Ne1 f5 27. Nf3
Nc7 28. g4 fxg4 29. hxg4 Ne6 30. Kg2 e4 31. Nd2 Ndc5 32. Nc4 Bc7 33. Bc3 Kf7
34. Rh1 Kg6 35. Na3 Bd6 36. Nc4 Bc7 37. Rd1 Rxd1 38. Bxd1 Nd3 39. Bc2 Nec5 40.
Kf1 Nc1 41. Bb1 Kf7 42. Bd4 N1d3 43. Nd2 Ne5 44. Bxe5 Bxe5 45. Bxe4 b5 46. Bc6
b4 47. Nc4 Bc7 48. Ke2 Kf6 49. Kd2 Ke6 50. Kc2 Bd8 51. Nd2 Kd6 52. Bg2 Nd7 53.
f4 gxf4 54. exf4 Nc5 55. Nc4+ Ke6 56. Kd2 Bc7 57. Ke3 a4 58. Nd2 axb3 59. axb3
Bb6 60. Kf3 Kd5 61. Bf1 Kd4 62. Bc4 Bd8 63. Bf7 Kd3 64. Nf1 Kc3 65. Ne3 Nxb3
66. Nd5+ Kc4 67. Ne3+ Kc3 68. Nd5+ Kc4 69. Ne3+ 1/2-1/2

[Event "UKR ol"]
[Site "Alushta"]
[Date "1999.??.??"]
[Round "?"]
[White "Ponomariov, Ruslan"]
[Black "Kruppa, Yuri"]
[Result "0-1"]
[WhiteElo "2609"]
[BlackElo "2561"]
[PlyCount "84"]
[EventDate "1999.05.12"]
[EventType "team"]
[EventRounds "11"]
[EventCountry "UKR"]
[SourceTitle "EXT 2001"]
[Source "ChessBase"]
[SourceDate "2000.11.22"]
[SourceVersion "1"]
[SourceVersionDate "2000.11.22"]
[SourceQuality "1"]

1. e4 e6 2. d4 d5 3. Nd2 c5 4. Ngf3 cxd4 5. exd5 Qxd5 6. Bc4 Qd6 7. O-O Nf6 8.
Nb3 Nc6 9. Nbxd4 Nxd4 10. Nxd4 a6 11. Re1 Qc7 12. b3 Bc5 13. Nf5 O-O 14. Nxg7
Kxg7 15. Bb2 Rg8 16. Qf3 Be7 17. Re4 b5 18. Be5 Bb7 19. Bxc7 Bxe4 20. Qf4 bxc4
21. Be5 Bf5 22. Qh4 h6 23. Re1 cxb3 24. axb3 Kg6 25. c4 Rad8 26. c5 Rd5 27. c6
Rc8 28. Qg3+ Kh7 29. h3 Rxc6 30. Qf4 Nd7 31. Bd4 Rc2 32. Be3 Bg5 33. Qg3 Rd3
34. b4 Rc4 35. Ra1 Bf6 36. Rxa6 Be5 37. Qf3 Rb3 38. g3 Bg7 39. Kh2 Ne5 40. Qe2
Rc2 41. Qd1 Be4 42. g4 Nf3+ 0-1

[Event "UKR ol"]
[Site "Alushta"]
[Date "1999.??.??"]
[Round "?"]
[White "Ponomariov, Ruslan"]
[Black "Moroz, Alexander"]
[Result "1/2-1/2"]
[WhiteElo "2609"]
[BlackElo "2493"]
[PlyCount "93"]
[EventDate "1999.05.12"]
[EventType "team"]
[EventRounds "11"]
[EventCountry "UKR"]
[SourceTitle "EXT 2001"]
[Source "ChessBase"]
[SourceDate "2000.11.22"]
[SourceVersion "1"]
[SourceVersionDate "2000.11.22"]
[SourceQuality "1"]

1. e4 c5 2. Nf3 e6 3. d4 cxd4 4. Nxd4 a6 5. Nc3 Qc7 6. Bd3 Nc6 7. Be3 b5 8. f4
Bb7 9. Nb3 d6 10. O-O Nf6 11. a4 b4 12. Nb1 Be7 13. a5 O-O 14. c4 bxc3 15. Nxc3
Nb4 16. Bb6 Qb8 17. Bb1 d5 18. e5 Ne4 19. Nd4 Qc8 20. Qe1 Qc4 21. Nxe4 dxe4 22.
Bxe4 Bxe4 23. Qxe4 Rac8 24. b3 Qd5 25. Qe2 Bc5 26. Rad1 Bxb6 27. axb6 Qb7 28.
f5 Qxb6 29. Kh1 Nc6 30. Nxc6 Qxc6 31. f6 Rfd8 32. fxg7 Rxd1 33. Qxd1 Qb5 34.
Qf3 Rc7 35. Qf6 Rd7 36. Rc1 Qc5 37. Qg5 Qc2 38. h4 Rd1+ 39. Rxd1 Qxd1+ 40. Kh2
Qxb3 41. h5 a5 42. h6 Qd1 43. Qe7 Qh5+ 44. Kg1 Qd1+ 45. Kh2 Qh5+ 46. Kg1 Qd1+
47. Kh2 1/2-1/2

[Event "UKR ol"]
[Site "Alushta"]
[Date "1999.??.??"]
[Round "?"]
[White "Ponomariov, Ruslan"]
[Black "Rakhmangulov, Andrei"]
[Result "1-0"]
[WhiteElo "2609"]
[BlackElo "2417"]
[PlyCount "51"]
[EventDate "1999.05.12"]
[EventType "team"]
[EventRounds "11"]
[EventCountry "UKR"]
[SourceTitle "EXT 2001"]
[Source "ChessBase"]
[SourceDate "2000.11.22"]
[SourceVersion "1"]
[SourceVersionDate "2000.11.22"]
[SourceQuality "1"]

1. e4 d6 2. d4 Nf6 3. Nc3 g6 4. f4 Bg7 5. Nf3 O-O 6. Bd3 Na6 7. O-O c5 8. d5
Bg4 9. Bc4 Nd7 10. h3 Bxf3 11. Rxf3 Nb6 12. Bf1 Nc7 13. a4 e6 14. a5 Nc8 15. f5
exf5 16. exf5 Re8 17. Kh1 Be5 18. Ne4 Qh4 19. Ra4 Bd4 20. Rf4 Qd8 21. fxg6 hxg6
22. Rxd4 cxd4 23. Nf6+ Kg7 24. Qxd4 Re5 25. Rf3 Ne7 26. Bh6+ 1-0

[Event "FIDE-Wch k.o."]
[Site "Las Vegas"]
[Date "1999.07.31"]
[Round "1.1"]
[White "Al Modiahki, Mohamad"]
[Black "Ponomariov, Ruslan"]
[Result "1/2-1/2"]
[WhiteElo "2553"]
[BlackElo "2616"]
[Annotator "Gershon,A"]
[PlyCount "75"]
[EventDate "1999.07.31"]
[EventType "k.o."]
[EventRounds "7"]
[EventCountry "USA"]
[SourceTitle "CBM 072"]
[Source "ChessBase"]
[SourceDate "1999.10.01"]
[SourceVersion "1"]
[SourceVersionDate "1999.10.01"]
[SourceQuality "1"]

1. e4 d6 2. Nc3 Nf6 3. g3 g6 4. Bg2 Bg7 5. f4 c5 6. Nf3 Nc6 7. O-O O-O 8. d3
Rb8 9. h3 b5 10. g4 ({Worse is:} 10. a3 a5 11. g4 (11. Be3 b4 12. axb4 axb4 13.
Ne2 Bb7 14. g4 Ra8 15. Rc1 Ra2 16. b3 Qc7 17. Qe1 Rfa8 18. f5 Rb2 19. Nf4 Raa2
20. Qf2 Nd4 21. Bxd4 cxd4 22. Nxd4 g5 23. Nfe2 Nd7 24. Kh1 Qc5 $17 {0-1
Reinderman,D-Van der Weide,K/Rotterdam 1998/CBM 66 (39)}) 11... b4 12. axb4
axb4 13. Ne2 c4 14. Be3 Bb7 15. Ng3 cxd3 16. cxd3 Ra8 17. Qd2 Qc7 18. Nd4 Nxg4
19. Nb5 Qd7 20. hxg4 Ba6 21. Na7 Rxa7 22. Bxa7 Qxa7+ $44 {0-1 Aponte,A-Van den
Doel,E/Elista 1998/CBM 66 ext (40)}) 10... b4 11. Ne2 a5 (11... c4 12. Be3 Ba6
13. Rf2 Qa5 14. f5 cxd3 15. cxd3 Nd7 16. Nf4 Nc5 17. Bf1 Rfe8 18. Rc1 Rbc8 19.
b3 e6 20. fxe6 fxe6 21. Rfc2 Bc3 22. Rf2 Bb7 23. Ng5 Qd8 24. h4 Bd4 $15 {
0-1 Kolesnik,E-Khasin,A/Koszalin POL 1999 (39)}) (11... Nd7 12. Qe1 a5 13. f5
Nde5 14. Nxe5 Nxe5 15. Bg5 a4 16. Rd1 Bd7 17. Qf2 Nc6 18. b3 Ne5 19. Qh4 Re8
20. Rf2 axb3 21. axb3 Ra8 22. Rdf1 Ra2 23. Nc1 Ra1 24. Be3 Bb5 25. g5 $36 {
1-0 Giorgadze,G-Xu Jun/Erevan 1996/EXT 97 (41)}) 12. Be3 Nd7 13. Rb1 a4 14. b3
(14. Qe1 $5 b3 15. axb3 axb3 16. c3 Ba6) 14... axb3 15. axb3 {After the
opening of the 'a' file white has nothing to put against black rooks' invasion
and has to concentrate on a king side play which is by no means an easy task:
black only waits till white plays f4-f5 and then he has nothing to e worried
about with such a beautiful blockade along the a1-h8 /^} Bb7 16. Qe1 (16. e5
dxe5 17. f5 Nd4 $17) (16. f5 Nde5) (16. Qd2 $5 {[%cal Gf4f5,Ge3h6] Trying to
remove the best defender.}) 16... e6 17. f5 $6 (17. Qg3 $142 f5 18. gxf5 exf5
19. Ng5 Qe7 20. exf5 $13) 17... exf5 18. gxf5 Nce5 (18... Ra8 19. Qg3 (19. d4
$2 Re8 {[%csl Ge4]} (19... cxd4 20. Nexd4 Nxd4 21. Nxd4 $132) 20. fxg6 fxg6 $17
{[%csl Gd4,Ge4]}) 19... Nce5 20. Rf2 Ra2 21. Nc1 Ra3 22. Ng5 $15) 19. Nxe5 (19.
Nf4 $143 Ra8 20. Qg3 Ra2 21. Nxe5 (21. Rf2 Nxf3+ 22. Bxf3 Ne5 {[%csl Ge5][%cal
Gg7f6,Gf6h4]}) 21... dxe5 (21... Nxe5 22. fxg6 (22. Nh5 Rxc2 (22... Bh8) 23. f6
(23. Nxg7 Kxg7 24. Bh6+ (24. f6+ Kh8) 24... Kxh6 25. f6 g5 26. Rf5 Rg8 27. h4
Rxg2+ $19) 23... Bh8 24. Bh6 Re8 25. Ng7 Bxg7 26. Bxg7 Nxd3 $1 $19) 22... hxg6
23. Rbc1 Qd7 $11) 22. Nd5 Rxc2 $17) (19. Qf2 $5 {[%cal Gf2f6]}) 19... Nxe5 20.
Qf2 Re8 (20... Bf6 $2 21. Bh6 Bh4 22. Qf4 Re8 23. f6) (20... Nd7 21. Bf4 Qb6 (
21... Ne5 22. Bg3 $13 (22. Be3 $11)) 22. Qg3 $11) 21. f6 Bh8 22. Qh4 Ra8 (22...
Nd7 23. Bg5 Ra8 $17) 23. Rf2 Ra2 24. Ng3 Qa8 $2 {[%cal Ga2a1]} (24... Nd7 $142
25. Rbf1 (25. Nh5 Re5 $19) 25... d5 $17 {When all white pieces are tied up
defending the 'f6' pawn a blow in the center is leathal.}) 25. Qg5 {[%cal
Gg3f5,Gf5e7]} (25. Nf5 $1 gxf5 26. exf5 Bxg2 (26... Rc8 27. Bh6 Ra1 28. Rxa1
Qxa1+ 29. Rf1 Qd4+ 30. Qxd4 cxd4 31. Bxb7 Rxc2 32. Ra1 $18) 27. Rxg2+ Ng6 28.
fxg6 hxg6 29. Rf1 {[%cal Gg2g6]} Ra7 30. Bc1 $16 {[%csl Gg8,Gh8]}) 25... Re6 (
25... Ra1 26. Rxa1 Qxa1+ 27. Rf1 Qb2 28. Nf5) 26. Rbf1 Ra1 (26... Nd7 27. Nf5
Bxf6 28. Qg3 Ra1 $17) 27. Bc1 Nd7 28. Nf5 (28. Bb2 Rxf1+ 29. Rxf1 Qa2 $19)
28... Bxf6 29. Qg3 Ne5 $6 (29... Qa6 $17) 30. Bb2 Rxf1+ 31. Rxf1 Qd8 $2 {
The final mistake.} (31... Qa2 32. Nxd6 (32. Nh6+ Kg7 33. Nf5+ Kh8 34. Nxd6
Qxb2 35. Nxb7 Qc3 $17) 32... Qxb2 33. Nxb7 Qc3 $17 {[%csl Gb7][%cal Gf6e7]})
32. Nxd6 $1 Ba6 (32... Qxd6 33. Rxf6 $1 Rxf6 34. Bxe5 Qe6 35. Bxf6 Qxf6 36.
Qb8+ {Maybe this was the move black missed while playing Qd8}) (32... Rxd6 33.
Bxe5 Bxe5 34. Qxe5 $13) 33. Nf5 Kf8 34. Ne3 Bh4 35. Qf4 Bg5 36. Qg3 (36. Qf2
Bh4 37. Qe2 (37. Qf4) 37... Nxd3 38. cxd3 Bxd3 39. Qd2 Bxf1 40. Qxd8+ Bxd8 41.
Nxf1 Rd6 $17 {[%csl Gb3]}) 36... Bh4 37. Qf4 Bg5 38. Qg3 1/2-1/2